LEADER 02589nam 2200613Ia 450 001 9910781009303321 005 20230124183455.0 010 $a1-936117-45-2 035 $a(CKB)2550000000017948 035 $a(OCoLC)712060036 035 $a(CaPaEBR)ebrary10404224 035 $a(SSID)ssj0000468341 035 $a(PQKBManifestationID)11291416 035 $a(PQKBTitleCode)TC0000468341 035 $a(PQKBWorkID)10507556 035 $a(PQKB)11736163 035 $a(MiAaPQ)EBC3328232 035 $a(Au-PeEL)EBL3328232 035 $a(CaPaEBR)ebr10404224 035 $a(OCoLC)929118883 035 $a(EXLCZ)992550000000017948 100 $a20100301d2010 uy 0 101 0 $aeng 135 $aurcn||||||||| 181 $ctxt 182 $cc 183 $acr 200 14$aThe demise of the library school$b[electronic resource] $epersonal reflections on professional education in the modern corporate university /$fby Richard J. Cox 210 $aDuluth, MN $cLibrary Juice Press$d2010 215 $a1 online resource (357 p.) 300 $aBibliographic Level Mode of Issuance: Monograph 311 $a1-936117-18-5 320 $aIncludes bibliographical references and index. 327 $aSetting the scene -- Reading, writing, and the old library school -- Personal interlude : loving books, without apology -- Spectacle of the corporate university -- Rethinking the traditional school (and values) -- Archival studies : a case study -- Looking for our way (reading and writing) in professional schools -- Teaching in the professional school in the changing university. 330 $a"A series of meditations on critical themes relating to the education of librarians, archivists, and other information professionals, playing off of other commentators analyzing the nature of higher education and its problems and aims"--Provided by publisher. 606 $aLibrary education 606 $aLibrary schools$xCurricula 606 $aArchives$xStudy and teaching (Higher) 606 $aInformation science$xStudy and teaching 606 $aProfessional education 615 0$aLibrary education. 615 0$aLibrary schools$xCurricula. 615 0$aArchives$xStudy and teaching (Higher) 615 0$aInformation science$xStudy and teaching. 615 0$aProfessional education. 676 $a020.7 700 $aCox$b Richard J$0104049 801 0$bMiAaPQ 801 1$bMiAaPQ 801 2$bMiAaPQ 906 $aBOOK 912 $a9910781009303321 996 $aThe demise of the library school$93672768 997 $aUNINA LEADER 02840nam1 22006013i 450 001 RAV0064453 005 20251003044321.0 100 $a19890915g1959 ||||0itac50 ba 101 | $aita 102 $ait 181 1$6z01$ai $bxxxe 182 1$6z01$an 183 1$6z01$anc$2RDAcarrier 200 1 $aˆIl ‰Partito socialista italiano nei suoi congressi$fa cura di Franco Pedone 210 $aMilano$cAvanti! [poi] Edizioni del gallo 215 $av.$d17 cm 463 1$1001CAG0841321$12001 $aˆ4.: I ‰congressi dell'esilio$fa cura di Gaetano Arfè 463 1$1001IEI0066978$12000 $a5.: 1942-1955$fa cura di Franco Pedone$v5 463 1$1001RAV0093749$12000 $a1: 1892-1902$econ una appendice sui congressi operai dal 1853 al 1891$v1 463 1$1001RAV0093751$12000 $a2.: 1902-1917$v2 463 1$1001RAV0093756$12000 $a3.: 1917-1926$v3 463 1$1001RAV0093761$12001 $aˆ4.: I ‰congressi dell'esilio$fa cura di Gaetano Arfé$v4 606 $aPARTITO SOCIALISTA ITALIANO$xCONGRESSI$xSTORIA$x1892-1955$2FIR$3IEIC034249$9I 676 $a324.2174$9PARTITI POLITICI SOCIALISTI$v23 676 $a324.245074$9Partito socialista italiano$v12 676 $a324.245074$9Partito socialista italiano$v20 676 $a324.245074$9PARTITI ESISTENTI DOPO IL 1945. PARTITI SOCIALISTI$v23 676 $a329$9PARTITI POLITICI$v17 676 $a329$9PARTITI POLITICI$v21 686 $aIT/X42.5/PSI$cPARTITI E MOVIMENTI POLITICI ITALIA PARTITO SOCIALISTA ITALIANO$2R 686 $aX0.8$cATTI DI CONVEGNI CONGRESSI CONFERENZE$2R 696 $aConvegni$aCongressi e convegni 699 $aCongressi$yConvegni 699 $aCongressi$yCongressi e convegni 702 1$aPedone$b, Franco$3CFIV012034$4340 710 02$aPartito socialista italiano$3CFIV021454$4070$0268720 791 02$aP.S.I.$3CFIV024029$zPartito socialista italiano 791 02$aItalian Socialist Party$3IEIV209069$zPartito socialista italiano 791 02$aParti socialiste italien$3IEIV209071$zPartito socialista italiano 791 02$aPartido socialista italiano$3IEIV209072$zPartito socialista italiano 791 02$aPartito socialista$b : Sezione italiana dell'Internazionale socialista$3LO1V136738$zPartito socialista italiano 801 3$aIT$bIT-000000$c19890915 850 $aIT-BN0095 $aIT-CE0014 $aIT-NA0079 $aIT-NA0581 $aIT-NA0230 $aIT-CE0162 901 $bNAP PR$cF. CORTESE$n$ 901 $bNAP 24$cF. CORTESE$n$ 901 $bNAP FC$cFONDO $n$ 901 $bNAP 01$cDEMARCO $n$ 912 $aRAV0064453 950 1$aBiblioteca Centralizzata di Ateneo$cv. 1-2$d 01DEMARCO MON. 99 967 $m2 977 $a 01$a 24$a BN$a FC$a IR$a PR 996 $aPartito socialista italiano nei suoi congressi$94182605 997 $aUNISANNIO